| 000 | 00760nam a2200289Ia 4500 | ||
|---|---|---|---|
| 001 | 33293 | ||
| 003 | IT-RoPAU | ||
| 008 | 130308s9999 xx 000 0 und d | ||
| 040 | _aIT-RoPAU | ||
| 040 | _cIT-RoPAU | ||
| 041 | _aITALIANO | ||
| 100 | _aBarilli Renato | ||
| 100 | _gCodice Aut. SPICS: 9544 | ||
| 245 | _aMcLuhan e l'età postmoderna | ||
| 245 | _bMcluhan e la Metamorfosi dell'Uomo | ||
| 250 | _a1a ed. | ||
| 260 | _aROMA | ||
| 260 | _bBulzoni | ||
| 260 | _c1984 [1° Ed.:1984 - Ed.Ling.Originale:1982] | ||
| 300 | _a"11 p. (prefazione: no ; testo: 11 [pagine: 73-83])" | ||
| 650 | _aSOCIOLOGIA DELLA COMUNICAZIONE SOCIALE | ||
| 650 | _eCodice materia Spics: 3806 | ||
| 942 | _cBK | ||
| 957 | _71 | ||
| 999 |
_c44401 _d44401 |
||
| 999 | _bSI | ||
| 999 | _g1 | ||